=LDR 00000nam 2200000 4500 =001 INLIS000000000019970 =005 20140922115724.0 =006 =007 =008 Ind =035 ##$$a 0010-061300000019970 =041 ##$$a Ind =082 ##$$a 530 =090 ##$$a 530, Hik e =100 ##$$a Hikam, Muhammad =245 ##$$a Eksperimen fisika dasar untuk perguruan tinggi, Muhammad Hikam =260 ##$$a 2005 $b Jakarta =300 ##$$a viii, 176 hlm, ilus, 23 cm =650 ##$$a Fisika =850 ##$$a NBPNMAT =990 ##$$a 93432/BPAP-NTB/2014 =990 ##$$a 93438/BPAP-NTB/2014 =990 ##$$a 0001/BPAP-NTB/20142014 =990 ##$$a 0001/BPAP-NTB/20142014 =990 ##$$a 40600323 =990 ##$$a 93438/BPAP-NTB/2014 =990 ##$$a 0001/BPAP-NTB/20142014 =990 ##$$a 0001/BPAP-NTB/20142014 =990 ##$$a 0001/BPAP-NTB/20142014 =990 ##$$a 20610623 =990 ##$$a 40600323 =990 ##$$a 0001/BPAP-NTB/20142014 =990 ##$$a 0001/BPAP-NTB/20142014 =990 ##$$a 0001/BPAP-NTB/20142014